[Event "GER-chT School WK 4"]
[Site "Playchess.com INT"]
[Date "2020.06.16"]
[Round "3.4"]
[White "Di Pfeifer, Jasen"]
[Black "Brusilowskyy, Herrmann"]
[Result "1-0"]
[WhiteElo "1483"]
[BlackElo "1489"]
[PlyCount "63"]
[EventDate "2020.06.16"]
[EventType "team-swiss (blitz)"]
[EventRounds "5"]
[EventCountry "GER"]
[SourceTitle "EXT 2021"]
[Source "ChessBase"]
[SourceDate "2020.10.23"]
[SourceVersion "1"]
[SourceVersionDate "2020.10.23"]
[SourceQuality "1"]
[WhiteTeam "Dresden Nexoe Gymn"]
[BlackTeam "Luebeck Katharineum"]
[WhiteTeamCountry "GER"]
[BlackTeamCountry "GER"]

1. e4 e5 2. Nf3 Nc6 3. d4 exd4 4. Bc4 Nf6 5. 0-0 Nxe4 6. Re1 d5 7. Bxd5 Qxd5 8. Nc3 Qe6 9. Rxe4 Qxe4 10. Nxe4 Bg4 11. h3 Bxf3 12. Qxf3 Be7 13. Ng5 Bxg5 14. Bxg5 f6 15. Qe4+ Kf8 16. Bf4 Re8 17. Qd5 Rd8 18. Qc5+ Ke8 19. Re1+ Kf7 20. Bxc7 Rde8 21. Qd5+ Kf8 22. Bd6+ Ne7 23. Bxe7+ Rxe7 24. Qd8+ Kf7 25. Rxe7+ Kg6 26. Qxh8 b5 27. Qxg7+ Kf5 28. Qxh7+ Kg5 29. h4+ Kg4 30. f3+ Kg3 31. Qg6+ Kf4 32. Qg4# 1-0